书目信息 |
| 题名: |
中亚政治思潮影响下的新疆意识形态安全研究
|
|
| 作者: | 王英姿 , 赵党锋 著 | |
| 分册: | ||
| 出版信息: | 北京 中国社会出版社 2017 |
|
| 页数: | 221页 | |
| 开本: | 24cm | |
| 丛书名: | 当代人文经典书库 | |
| 单 册: | ||
| 中图分类: | B022 , D631 | |
| 科图分类: | ||
| 主题词: | 意识形态--研究--新疆 , 国家安全--研究--新疆 | |
| 电子资源: | ||
| ISBN: | 978-7-5087-5795-7 | |
| 000 | 01118oam2 2200301 450 | |
| 001 | 012001004542 | |
| 005 | 20140928162349.0 | |
| 010 | @a978-7-5087-5795-7@b精装@dCNY68.00 | |
| 100 | @a20180513d2017 em y0chiy50 ea | |
| 101 | 0 | @achi |
| 102 | @aCN@b110000 | |
| 105 | @ay z 000yy | |
| 106 | @ar | |
| 200 | 1 | @a中亚政治思潮影响下的新疆意识形态安全研究@9zhong ya zheng zhi si chao ying xiang xia de xin jiang yi shi xing tai an quan yan jiu@f王英姿,赵党锋著 |
| 210 | @a北京@c中国社会出版社@d2017 | |
| 215 | @a221页@d24cm | |
| 225 | 1 | @a当代人文经典书库 |
| 300 | @a教育部人文社会科学研究项目 新疆艺术学院学术著作出版基金资助 | |
| 330 | @a本书共分七章,内容包括:意识形态安全的内涵与要素、新疆意识形态安全的特性与意义、新疆意识形态安全面临的主要外部挑战、中亚政治思潮与新疆意识形态的关联性等。 | |
| 461 | 0 | @12001 @a当代人文经典书库 |
| 606 | 0 | @a意识形态@x研究@y新疆 |
| 606 | 0 | @a国家安全@x研究@y新疆 |
| 690 | @aB022@v5 | |
| 690 | @aD631@v5 | |
| 701 | 0 | @a王英姿@9wang ying zi@4著 |
| 701 | 0 | @a赵党锋@9zhao dang feng@4著 |
| 801 | 0 | @aCN@b上海新华@c20180901 |
| 905 | @b1166417-21@dB022@e133@f5 | |
| 中亚政治思潮影响下的新疆意识形态安全研究/王英姿,赵党锋著.-北京:中国社会出版社,2017 |
| 221页;24cm.-(当代人文经典书库) |
| 教育部人文社会科学研究项目 新疆艺术学院学术著作出版基金资助 |
| ISBN 978-7-5087-5795-7(精装):CNY68.00 |
| 本书共分七章,内容包括:意识形态安全的内涵与要素、新疆意识形态安全的特性与意义、新疆意识形态安全面临的主要外部挑战、中亚政治思潮与新疆意识形态的关联性等。 |
| ● |
| 相关链接 |
|
|
|
|
正题名:中亚政治思潮影响下的新疆意识形态安全研究
索取号:B022/133
 
预约/预借
| 序号 | 登录号 | 条形码 | 馆藏地/架位号 | 状态 | 备注 |
| 1 | 1166417 | 211664171 | 第一样本阅览室/ [索取号:B022/133] | 在馆 | |
| 2 | 1166418 | 211664180 | 第一借阅区/ [索取号:B022/133] | 在馆 | |
| 3 | 1166419 | 211664199 | 第一借阅区/ [索取号:B022/133] | 在馆 | |
| 4 | 1166420 | 211664206 | 第一借阅区/ [索取号:B022/133] | 在馆 | |
| 5 | 1166421 | 211664215 | 第一借阅区/ [索取号:B022/133] | 在馆 |